| 000 | 00411nam a22001577a 4500 | ||
|---|---|---|---|
| 003 | OSt | ||
| 005 | 20260307101000.0 | ||
| 008 | 260307b |||||||| |||| 00| 0 eng d | ||
| 020 | _a9788173719547 | ||
| 040 | _cIIMT University | ||
| 100 | _aArshdeep Bahga and Vijay Madisetti | ||
| 245 | _aInternet of Things: A Hands-on Approach | ||
| 260 |
_aNew Delhi _bUniversity Press |
||
| 300 | _a520 | ||
| 942 |
_2ddc _c02 |
||
| 999 |
_c67108 _d67108 |
||